Obálka Náhled e-knihy:
PDF Epub
Pro půjčování e-knih musíte být přihlášeni.
Jak si půjčit online?

Dravé zvěři napospas /

Současný thriller od držitelky Magnesie Litery v kategorii "detektivka" za rok 2024 využívá téma online seznamek, kde při hledání lásky můžete riskovat i vlastní život.

Uloženo v:
Hlavní autor: Jašová, Jana, 1968- (Autor)
Médium: E-kniha
Jazyk:Czech
Vydáno: V Praze : Motto, 2024
Vydání:1. vydání
Témata:
Tagy:
Žádné tagy
LEADER 02314nam a2200397 i 4500
001 312542
003 CZ PrSKC
005 20260601215724.0
007 ta
008 241025s2024 xr g 000 f cze
015 |a cnb003639214 
020 |a 9788026727460  |q (vázáno) :  |c Kč 429,00 
035 |a (OCoLC)1477948095 
040 |a ABG001  |b cze  |e rda 
072 7 |a 821.162.3-3  |x Česká próza  |2 Konspekt 
080 |a 821.162.3-31  |2 MRF 
080 |a (0:82-312.4)  |2 MRF 
100 1 |a Jašová, Jana,  |d 1968-  |7 jo20000080723  |4 aut 
245 1 0 |a Dravé zvěři napospas /  |c Jana Jašová 
250 |a 1. vydání 
264 1 |a V Praze :  |b Motto,  |c 2024 
300 |a 336 stran ;  |c 21 cm 
336 |a text  |b txt  |2 rdacontent 
337 |a bez média  |b n  |2 rdamedia 
338 |a svazek  |b nc  |2 rdacarrier 
520 2 |a Současný thriller od držitelky Magnesie Litery v kategorii "detektivka" za rok 2024 využívá téma online seznamek, kde při hledání lásky můžete riskovat i vlastní život.  |b Osmatřicetiletá Zuzana si po krachu dlouholetého vztahu založí profil na Tinderu, brzy ale začne litovat. Zdá se totiž, že některý z odmítnutých mužů neunesl své zklamání. Desítky vulgárních zpráv naznačují, že ji kdosi neustále sleduje. Blíží se Štědrý den, dny se krátí, tma je plná slídivých očí a kradmých kroků. A pronásledovatel má v téhle hře na kočku a myš výhodu - o své kořisti toho ví až příliš. Jeho narážky otevírají staré rány, připomínají dávná provinění... a je jasné, že se nezastaví před ničím. Nakladatelská anotace. 
655 7 |a české romány  |7 fd133974  |2 czenas 
655 7 |a thrillery (romány)  |7 fd184206  |2 czenas 
655 9 |a Czech fiction  |2 eczenas 
655 9 |a thrillers (novels)  |2 eczenas 
900 |a ABA001  |b 19 
928 9 |a Albatros Media - Motto 
044 |a xr 
910 |a RBIT002 
998 |d 414939  |a https://core.palmknihy.cz/api/books/414939/cover?slmm0y  |b https://core.palmknihy.cz/api/books/414939/cover/400?slmm0y  |c https://core.palmknihy.cz/api/books/414939/cover/50?slmm0y  |e 2034-12-31  |g 344  |i 9788026727460  |j https://core.palmknihy.cz/api/books/414939/preview.epub  |k https://core.palmknihy.cz/api/books/414939/preview.pdf  |l   |q 49  |r 1  |s https://www.palmknihy.cz/kniha/414939  |t ebook  |y 2024  |z 0 
999 |d 312540